000 00440nam a2200181Ia 4500
001 13353
005 20260306164755.0
008 260306t2015||||xx |||||||||||||| ||spa||
041 _aESP
082 _a001.42
_bV29
100 _aVara Horna, Alfredo Arístides
_eAUT
245 0 _a7 pasos para elaborar una tesis
260 _c2015
300 _a000 páginas :
_c00 cm.
650 _aGEN
654 _aCHU
942 _cLIB
_dJUS
_fJUS
_2ddc
_n
999 _c13353
_d13353